[Event "IND-ch U25"]
[Site "Calicut"]
[Date "2013.10.03"]
[Round "2"]
[White "Jagdeep, Singh"]
[Black "Gusain, Himal"]
[Result "0-1"]
[WhiteElo "1526"]
[BlackElo "2307"]
[PlyCount "66"]
[EventDate "2013.10.02"]
[EventType "swiss"]
[EventRounds "9"]
[EventCountry "IND"]
[SourceTitle "EXT 2014"]
[Source "ChessBase"]
[SourceDate "2013.11.20"]
[SourceVersion "1"]
[SourceVersionDate "2013.11.20"]
[SourceQuality "1"]

1. d4 d5 2. c4 e6 3. Nc3 c6 4. e3 Bd6 5. Nf3 f5 6. Bd3 Nf6 7. Qc2 0-0 8. h3 Ne4 9. Bd2 Nd7 10. cxd5 exd5 11. Rf1 Qe7 12. 0-0-0 b5 13. Ne1 Nb6 14. Nxe4 dxe4 15. Be2 Be6 16. Kb1 Rac8 17. Rc1 Qf7 18. b4 Nc4 19. Bxc4 Bxc4 20. Rg1 a5 21. bxa5 Ba3 22. Rd1 c5 23. d5 Bxd5 24. g4 b4 25. Bc1 Bxc1 26. Rxc1 c4 27. Ng2 c3 28. Qa4 b3 29. a3 b2 30. Rce1 Bb3 31. Qb5 Bc4 32. a4 Bxb5 33. axb5 Qb3 0-1